000
00280nas a2200121 4500
005
20211029130138.0
008
211029b ||||| |||| 00| 0 eng d
022
_a
-
040
_c
245
_a
Kurukshetra
260
_a
Publication Division,Delhi
_b
Mar 2021
942
_2
ddc
_c
PR
999
_c
220285
_d
220285